Höchstgelegenste Hauptstädte der Welt - Statistiken

Allgemein
  • Dieses Quiz wurde 32 mal gespielt
  • Das Durchschnittsergebnis liegt bei 10 aus 20
Antwortstatistiken
Meter über Normalnull Hauptstadt % Korrekt
1550 Lima
93%
1400 Kathmandu
86%
3640 La Paz
86%
2850 Quito
86%
2625 Bogota
79%
2648 Thimphu
66%
1790 Kabul
59%
1350 Ulan Bator
52%
2240 Mexiko Stadt
48%
1795 Nairobi
45%
2355 Addis Abeba
41%
1673 Maseru
41%
1529 Guatemala Stadt
38%
1721 Windhoek
34%
1567 Kigali
28%
2325 Asmara
24%
1483 Harare
24%
1271 Pretoria
24%
2250 Sanaa
14%
1288 Antananarivo
10%
Keine übereinstimmenden Quizze gefunden
Verteilung der Resultate
Anzahl Personen mit jedem Resultat
Perzentil nach korrekt beantworteten Fragen
Ihre Resultats-Entwicklung
Sie haben dieses Quiz noch nicht gespielt